000
00328nam a22001457a 4500
008
210520b ||||| |||| 00| 0 eng d
020
_a
9780028650203
041
_a
eng
080
_a
030
082
_a
030
100
_a
23
101
_a
ENC
245
_a
Macmillan Encyclopedia of Energy
_c
John Zumerchik
942
_2
udc
_c
BK
999
_c
57544
_d
57544